Red book interim amendment (Record no. 109735)

MARC details
000 -LEADER
fixed length control field 01479cad a22003375a 4500
001 - CONTROL NUMBER
control field E147810
008 - FIXED-LENGTH DATA ELEMENTS--GENERAL INFORMATION
fixed length control field 090619s2009 xxk f f 000 0 eng d
035 ## - SYSTEM CONTROL NUMBER
System control number (Sirsi) u147810
041 0# - LANGUAGE CODE
Language code of text/sound track or separate title eng
050 04 - LIBRARY OF CONGRESS CALL NUMBER
Classification number 333.332 $2 18
110 2# - MAIN ENTRY--CORPORATE NAME
Corporate name or jurisdiction name as entry element Royal Institution of Chartered Surveyors
9 (RLIN) 4900
240 00 - UNIFORM TITLE
Uniform title RICS valuation standards
240 ## - UNIFORM TITLE
Uniform title Red Book
245 00 - TITLE STATEMENT
Title Red book interim amendment
Remainder of title July 2009
Medium [electronic resource]
250 ## - EDITION STATEMENT
Edition statement 6th ed. (March 2009 reprint)
260 ## - PUBLICATION, DISTRIBUTION, ETC.
Place of publication, distribution, etc. London
Name of publisher, distributor, etc. RICS
Date of publication, distribution, etc. 2009
490 #0 - SERIES STATEMENT
Series statement RICS Guidance Note
490 #0 - SERIES STATEMENT
Series statement RICS Practice Statement
490 #0 - SERIES STATEMENT
Series statement RICS UK Guidance Note
490 #0 - SERIES STATEMENT
Series statement RICS Valuation Information Paper
490 #0 - SERIES STATEMENT
Series statement RICS UK Practice Statement
505 2# - FORMATTED CONTENTS NOTE
Formatted contents note Removal of exception for antiques and fine art, PS1.2.11 -- Alteration of the minimum terms of engagement -- Amendment to the Takeover Code, UK appendix 2.2 -- UK HomeBuyer Service -- UK PS 4.4 The Scottish Home Report
520 ## - SUMMARY, ETC.
Summary, etc. These interim amendments to the March 2009 Red Book contain one major change and a number of revisions that reflect issues that have arisen since the text of the March 2009 update was finalised. The revisions come into effect on 1 July 2009 and will be incorporated into the next reprint of the Red Book early in 2010.
521 ## - TARGET AUDIENCE NOTE
Target audience note Advanced
590 ## - LOCAL NOTE (RLIN)
Local note KA
650 24 - SUBJECT ADDED ENTRY--TOPICAL TERM
Topical term or geographic name entry element RICS VALUATION STANDARDS
651 #4 - SUBJECT ADDED ENTRY--GEOGRAPHIC NAME
Geographic name International
690 ## - LOCAL SUBJECT ADDED ENTRY--TOPICAL TERM (OCLC, RLIN)
Topical term or geographic name as entry element PROPERTY-PROPERTY APPRAISAL AND VALUATION
942 ## - ADDED ENTRY ELEMENTS (KOHA)
Suppress in OPAC 0
Holdings
Withdrawn status Lost status Source of classification or shelving scheme Damaged status Not for loan Home library Current library Shelving location Date acquired Total Checkouts Full call number Barcode Date last seen Copy number Price effective from Koha item type
    Dewey Decimal Classification     Virtual Virtual Online 19/06/2009   ONLINE PUBLICATION 147810-2001 06/08/2019 1 06/08/2019 Book